| 000 | 00365 a2200157 4500 | ||
|---|---|---|---|
| 001 | 18283 | ||
| 020 | _a9788526285491 | ||
| 040 | _cAnchieta - Bela Vista | ||
| 100 | _aÁvila, Carlos | ||
| 240 | 1 | 0 |
_aBri Bri no canto do parque _lpor |
| 245 | 1 | 0 | _aBri Bri no canto do parque |
| 300 | _a40 | ||
| 362 | 0 | _a2012 | |
| 650 | 4 | _aLiteratura infanto-juvenil | |
| 942 | _cBK | ||
| 999 |
_c18283 _d18283 |
||